| 000 | 00632nam a2200229Ia 4500 | ||
|---|---|---|---|
| 008 | 160803s9999 xx 000 0 und d | ||
| 020 | _a0 590223224 | ||
| 100 | _aCarle, Eric | ||
| 245 | _aDo you want to be my friend? / | ||
| 245 | _cby Eric Carle. | ||
| 260 | _aNew York : | ||
| 260 | _bScholastic Inc. | ||
| 260 | _c1997 | ||
| 300 | _a30 unnumbered pages. : | ||
| 300 | _bcolor illustrations ; | ||
| 300 | _c21 x 25 cm | ||
| 500 | _aOriginally published : New York : HarperCollins Publishers, c1997. | ||
| 650 | _aMice -- | ||
| 650 | _aStories without words. | ||
| 650 | _xJuvenile fiction. | ||
| 700 | _a200 | ||
| 999 |
_c299316 _d299316 |
||